| 000 | 00822nam a22001937a 4500 | ||
|---|---|---|---|
| 003 | BD-DhUL | ||
| 005 | 20160830162505.0 | ||
| 008 | 160830b1985 B ||||| |||| 00| 0 B d | ||
| 040 |
_cBD-DhUL _dBD-DhUL _dBD-DhUL |
||
| 082 |
_a923.5492 _bABB |
||
| 100 | 1 | _a আবদুল্লাহ,মুহাম্মদ | |
| 245 |
_aবাংলাদেশের দশ দিশারী / _cমুহাম্মদ আবদুল্লাহ |
||
| 260 |
_aঢাকা: _bইসলামিক ফাউন্ডেশন বাংলাদেশ, _c১৯৮৫. |
||
| 300 |
_a৩৩৬ পৃ. ; _c২১ সে. মি. |
||
| 504 | _aর্নিঘণ্ট ও গ্রন্থপঞ্জিগত তথ্য সংবলিত | ||
| 650 | 0 | _vবাংলাদেশ | |
| 651 | _vBangladesh | ||
| 942 |
_2ddc _cBK |
||
| 999 |
_c103029 _d103029 |
||